Statistiques concernant Les pays qui visitent la Tanzanie le plus

Cliquez ici pour prendre le quiz!

Statistiques générales

  • Ce quiz a été pris 76 fois
  • Le résultat moyen est 12 sur 16

Statistiques - réponses

No.visiteurs (2016)Pays% Correct
24,611France
100%
86,860États-Unis
97%
34,370Chine
95%
43,468Afrique du Sud
94%
57,643Allemagne
94%
67,742Royaume-Uni
94%
50,715Italie
89%
233,730Kenya
86%
24.197Pays-bas
70%
37,470Ouganda
68%
69,876Inde
67%
47,076Rwanda
59%
63,530Burundi
57%
28,846Zambie
57%
22,148Zimbabwe
56%
22,967Israel
10%

Distribution des résultats

Percentile par nombre de réponses

% des personnes avec chaque résultat

Votre développement - résultats

Vous n’avez pas pris ce quiz